Top K-pop Idols born in 1997 - Statistics

General Stats
  • This quiz has been taken 57 times
  • The average score is 10 of 16
Answer Stats
Picture Answer % Correct
Lisa
95%
Rosé
95%
Jungkook
93%
Jihyo
81%
Bang Chan
79%
Mina
74%
The8
70%
Cha Eunwoo
67%
Minnie
65%
Mingyu
63%
BamBam
60%
Jaehyun
58%
DK
56%
WINWIN
30%
Younghoon
26%
Hyunjae
9%
No matching quizzes found
Score Distribution
Percent of People with Each Score
Percentile by Number Answered
Your Score History
You have not taken this quiz